书目信息 |
| 题名: |
数值天气预报的数学物理基础
|
|
| 作者: | 曾庆存 著 | |
| 分册: | 第一卷 | |
| 出版信息: | 北京 科学出版社 2019.11 |
|
| 页数: | 543页 | |
| 开本: | 26cm | |
| 丛书名: | ||
| 单 册: | ||
| 中图分类: | P456.7 | |
| 科图分类: | ||
| 主题词: | 数学物理方法--应用--数值天气预报 | |
| 电子资源: | ||
| ISBN: | 978-7-03-061036-2 | |
| 000 | 01260nam0 2200229 45 | |
| 001 | 012001001897 | |
| 005 | 20211013151804.69 | |
| 010 | @a978-7-03-061036-2@b精装@dCNY288.00 | |
| 100 | @a20190710d2019 em y0chiy50 ea | |
| 101 | 0 | @achi |
| 102 | @aCN@b110000 | |
| 105 | @aa z 000yy | |
| 106 | @ar | |
| 200 | 1 | @a数值天气预报的数学物理基础@Ashu zhi tian qi yu bao de shu xue wu li ji chu@h第一卷@b专著@f曾庆存著 |
| 210 | @a北京@c科学出版社@d2019.11 | |
| 215 | @a543页@c图@d26cm | |
| 330 | @a本书内容大体上分为三个方面:一是从气象实际出发,建立大气动力学模式以及相应的边界条件和初始条件,提成一个物理学上合理、数学上适定的问题;二是对各种动力学模式的性质进行深入的分析,研究大气动力学的一些基本问题,其中包括大气运动的整体性质,特征波动,适应过程,准地转演变过程和非地转演变过程,球面上扰动的特点和低纬度地带扰动的特点,涡旋和波动的相互作用,以及各种尺度运动的非线性相互影响等,尤其是对原始方程和非地转演变过程有较多研究;三是研究各种模式初值问题解的适定性,给出了解的存在、唯一和稳定性的证明;还研究了一些数学方法,把动力学理论建立在较严密的数学论证基础之上。 | |
| 606 | 0 | @a数学物理方法@x应用@x数值天气预报 |
| 690 | @aP456.7@v5 | |
| 701 | 0 | @a曾庆存@Azeng qing cun@f(1935-)@4著 |
| 801 | 0 | @aCN@bBJSDL@c20211011 |
| 905 | @b1337641-3@dP456.7@e181:1@f3 | |
| 数值天气预报的数学物理基础.第一卷/曾庆存著.-北京:科学出版社,2019.11 |
| 543页:图;26cm |
| ISBN 978-7-03-061036-2(精装):CNY288.00 |
| 本书内容大体上分为三个方面:一是从气象实际出发,建立大气动力学模式以及相应的边界条件和初始条件,提成一个物理学上合理、数学上适定的问题;二是对各种动力学模式的性质进行深入的分析,研究大气动力学的一些基本问题,其中包括大气运动的整体性质,特征波动,适应过程,准地转演变过程和非地转演变过程,球面上扰动的特点和低纬度地带扰动的特点,涡旋和波动的相互作用,以及各种尺度运动的非线性相互影响等,尤其是对原始方程和非地转演变过程有较多研究;三是研究各种模式初值问题解的适定性,给出了解的存在、唯一和稳定性的证明;还研究了一些数学方法,把动力学理论建立在较严密的数学论证基础之上。 |
| ● |
| 相关链接 |
|
|
|
|
正题名:数值天气预报的数学物理基础
索取号:P456.7/181:1
 
预约/预借
| 序号 | 登录号 | 条形码 | 馆藏地/架位号 | 状态 | 备注 |
| 1 | 1337641 | 213376416 | 第二样本阅览室/ [索取号:P456.7/181:1] | 在馆 | |
| 2 | 1337642 | 213376425 | 第三借阅区/ [索取号:P456.7/181:1] | 在馆 | |
| 3 | 1337643 | 213376434 | 第三借阅区/ [索取号:P456.7/181:1] | 在馆 |